书目信息 |
| 题名: |
LABVIEW入门与虚拟仪器
|
|
| 作者: | 张爱平 主编 | |
| 分册: | ||
| 出版信息: | 北京 电子工业出版社 2004.05 |
|
| 页数: | 237页 | |
| 开本: | 26cm | |
| 丛书名: | ||
| 单 册: | ||
| 中图分类: | TP311.56 | |
| 科图分类: | ||
| 主题词: | 软件工具--LABVIEW--程序设计--高等学校--技术学校--教材 | |
| 电子资源: | ||
| ISBN: | 7-5053-9823-7 | |
| 000 | 00889nam0 2200241 450 | |
| 001 | 010248546281 | |
| 005 | 20050913084700.55 | |
| 010 | @a7-5053-9823-7@dCNY20.00 | |
| 100 | @a20050602d2004 km y0chiy0120 ea | |
| 101 | 0 | @achi |
| 102 | @aCN@b110000 | |
| 105 | @aa a 000yy | |
| 200 | 1 | @aLABVIEW入门与虚拟仪器@ALABVIEW ru men yu xu ni yi qi@f张爱平主编@Fzhang ai ping zhu bian |
| 210 | @a北京@c电子工业出版社@d2004.05 | |
| 215 | @a237页@c图@d26cm | |
| 300 | @a高等职业教育电子信息类贯通制教材 (电子技术专业) | |
| 320 | @a有书目。 | |
| 330 | @a该书共分10章,介绍了LabVIEW的基础知识,讲述了虚拟仪器程序的建立、结构、数组以及簇、图表、图形、字符串和文件I/O的操作、仪器控制等内容。 | |
| 606 | 0 | @a软件工具@xLABVIEW@x程序设计@x高等学校@x技术学校@j教材 |
| 690 | @aTP311.56@v4 | |
| 701 | 0 | @a张爱平@Azhang ai ping@4主编 |
| 801 | 0 | @aCN@bQSSK@c20050913 |
| 905 | @a10447@dTP311.56@eZ074 | |
| LABVIEW入门与虚拟仪器/张爱平主编.-北京:电子工业出版社,2004.05 |
| 237页:图;26cm |
| 高等职业教育电子信息类贯通制教材 (电子技术专业) |
| ISBN 7-5053-9823-7:CNY20.00 |
| 该书共分10章,介绍了LabVIEW的基础知识,讲述了虚拟仪器程序的建立、结构、数组以及簇、图表、图形、字符串和文件I/O的操作、仪器控制等内容。 |
| ● |
| 相关链接 |
|
|
|
正题名:LABVIEW入门与虚拟仪器
索取号:TP311.56/Z074
 
预约/预借
| 序号 | 登录号 | 条形码 | 馆藏地/架位号 | 状态 | 备注 |
| 1 | 563690 | 205636908 | 自科库301/ [索取号:TP311.56/Z074] | 在馆 | |
| 2 | 563691 | 205636917 | 自科二线404/404自科库 10排5列4层/ [索取号:TP311.56/Z074] | 在馆 | |
| 3 | 563692 | 205636926 | 期刊室512/301自科库 43排7列2层/ [索取号:TP311.56/Z074] | 在馆 |